Statystyki dla Strzelcy bramek w 1 kolejce fazy grupowej Euro 2021.

Kliknij tutaj aby rozwiązać quiz!

Ogólne statystyki

  • Ten quiz został rozwiązany 170 razy
  • Średni wynik to 20 z 28

Statystyki odpowiedzi

MeczPiłkarz% Poprawnych
Węgry - Portugalia 0:3Ronaldo
95%
Węgry - Portugalia 0:2Ronaldo
95%
Belgia - Rosja 1:0Lukaku
93%
Belgia - Rosja 3:0Lukaku
93%
Polska - Słowacja 0:1 (Bramka Samobójcza)Szczęsny
92%
Polska - Słowacja 1:1Linetty
90%
Turcja - Włochy 0:2Immobile
87%
Francja - Niemcy 1:0 (Bramka Samobójcza)Hummels
86%
Szkocja - Czechy 0:2Schick
83%
Szkocja - Czechy 0:1Schick
83%
Anglia - Chorwacja 1:0Sterling
81%
Holandia - Ukraina 2:1Yarmolenko
81%
Polska - Słowacja 1:2Skriniar
79%
Turcja - Włochy 0:1 (Bramka Samobójcza)Demiral
74%
Turcja - Włochy 0:3Insigne
74%
Austria - Macedonia Północna 3:1Arnautovic
72%
Austria - Macedonia Północna 1:1Pandev
71%
Holandia - Ukraina 1:0Wijnaldum
64%
Holandia - Ukraina 3:2Dumfries
62%
Walia - Szwajcaria 0:1Embolo
60%
Belgia - Rosja 2:0Meunier
52%
Walia - Szwajcaria 1:1Moore
52%
Węgry - Portugalia 0:1Guerreiro
49%
Dania - Finlandia 0:1Pohjanpalo
48%
Holandia - Ukraina 2:2Yaremchuk
48%
Holandia - Ukraina 2:0Weghorst
44%
Austria - Macedonia Północna 1:0Lainer
41%
Austria - Macedonia Północna 2:1Gregoritsch
17%

Rozkład punktacji

Percentyl według liczby udzielonych odpowiedzi

Procent ludzi z każdym wynikiem

Twoja historia wyników

Nie rozwiązałeś tego quizu